Finnish trade review

Salvato in:
Dettagli Bibliografici
Natura: Periodico
Lingua:inglese
Pubblicazione: Helsinki Finnish Foreign Trade Association 1985
Tags: Aggiungi Tag
Nessun Tag, puoi essere il primo ad aggiungerne!!

MARC

LEADER 00000nas2a2200000 4500
001 s106011
005 20250730114158.3
041 0 |a eng 
044 |a FI 
245 1 0 |a Finnish trade review 
264 1 |a Helsinki  |b Finnish Foreign Trade Association  |c 1985 
300 |a 1 zv.